000 00704nam a2200241Ia 4500
005 20260430150628.0
008 008 250103s9999 xx 000 0 eng d
037 _aTheses
040 _aCRL
040 _beng
040 _ceng
041 _2eng
041 _aeng
084 _qCRL
100 _aNida Au.; Chandra Ashish Gu.
_91238043
245 0 _aImpact of Digitalisation on Sustainable Business Development: A Study with Respect to Select E-Retailers Operating in India
260 _c2023
300 _a187p.
650 _aCommerce
700 _aUniversity of Delhi. Faculty of Commerce and Business Studies. Deptt. of Commerce
_91237511
942 _cTH
999 _c1850248
_d1850248